Ne parlons pas de Bruno - Encanto (Paroles) - Statistiques

Statistiques générales
  • Ce quiz a été pris 1 703 fois
  • Le résultat moyen est 294 sur 388
Statistiques - réponses
Paroles % Correct
Bruno
100%
de
100%
Ne
100%
ne
100%
pas
100%
no
99%
parlons
99%
ma
98%
m'a
98%
le
96%
A
95%
à
95%
ce
95%
mon
95%
jour
94%
mariage
93%
un
91%
Il
90%
au
89%
dans
89%
Je
89%
je
89%
La
89%
la
89%
non
88%
ciel
87%
et
87%
Et
87%
me
87%
nuage
87%
se
87%
te
86%
des
85%
dès
85%
mi
85%
moi
85%
que
84%
une
84%
du
83%
83%
en
82%
sur
82%
avec
81%
Mirabel
81%
notre
81%
c'est
80%
C'est
80%
dire
80%
dit
80%
Mais
80%
mais
80%
Pour
80%
pour
80%
si
79%
c'était
78%
aucun
77%
malin
77%
ton
77%
Ton
77%
don
76%
tempête
76%
rats
75%
l'ombre
74%
tête
74%
tombe
74%
Tout
74%
tout
74%
d'un
73%
toi
73%
poisson
72%
tu
72%
prédit
71%
rire
71%
chance
70%
fête
70%
nom
70%
l'ami
69%
mort
68%
orage
68%
prononce
68%
S'il
68%
belle
67%
pluie
67%
qu'un
67%
vie
67%
beau
66%
chauve
66%
pardon
66%
plus
66%
quand
66%
qui
66%
survint
66%
cheveux
65%
mélangea
65%
suis
65%
mes
64%
on
64%
On
64%
pouvoir
64%
voit
64%
est
63%
sable
63%
autre
62%
donne
62%
frissons
62%
l'entends
62%
soleil
62%
vida
62%
esprit
61%
faisais
61%
j'ai
61%
lors
61%
rit
61%
serait
61%
d'été
60%
marier
60%
rêvé
60%
terre
60%
bidon
59%
y
59%
aussi
58%
cette
58%
énorme
58%
les
58%
tant
58%
deviendrait
57%
était
57%
fort
57%
son
57%
trouverai
57%
allait
56%
destinée
56%
dont
56%
l'amour
56%
l'aurai
56%
tel
56%
cris
55%
sort
55%
tomberaient
55%
bruit
54%
clair
54%
l'associe
53%
sous
53%
chuchotant
52%
dis
52%
sait
51%
chemin
50%
continue
50%
Mariano
50%
peur
50%
seul
50%
murmurant
49%
mystère
49%
Pourquoi
49%
soeur
49%
d'Abuela
48%
mot
48%
parapluies
48%
vit
47%
quel
46%
encore
45%
ses
45%
bégayant
44%
famille
44%
veux
44%
savoir
43%
loin
42%
maladroitement
42%
parlé
42%
Hum
41%
journée
41%
Surtout
41%
ts
41%
vois-tu
41%
quelle
40%
souvent
40%
propos
38%
humiliant
37%
arrive
36%
joyeuse
36%
monde
36%
homme
35%
marmonnant
34%
parler
34%
prophéties
34%
n'aurais
32%
table
30%
Oui
29%
Isabela
28%
pesant
28%
poids
28%
maniait
27%
restait
27%
ai-je
26%
intuition
26%
dis-moi
24%
vrai
21%
Raconte-moi
19%
Aucun quiz correspondant
Distribution des résultats
% des personnes avec chaque résultat
Percentile par nombre de réponses
Votre historique - résultats
Vous n’avez pas pris ce quiz